Článok IV. zák. 306/1920 a neštátne učiteľstvo

Bibliographic Details
Main Author: Petrtyl, Antonín, 1901-1975 (Author)
Format: Article
Language:Slovak

MARC

LEADER 00000nab a2200000 a 4500
001 vtls010708390
003 SK-MaSNL
005 20260304192307.0
008 250709s xo |||||||||||||||||slo|
035 |a (urnnbn)urn:nbn:sk:snk:ar-a043hm 
035 |a (uuid)fc5290c0-4a6b-4447-a09a-aa44a56a8ba1 
035 |a urn:nbn:sk:snk-ab3c99 
040 |a SNKBUCL  |b slo  |c SNKBUCL  |e AACR2 
041 0 |a slo 
044 |a xo  |c SK 
100 1 |a Petrtyl, Antonín,  |d 1901-1975  |4 aut  |9 197425 
245 1 0 |a Článok IV. zák. 306/1920 a neštátne učiteľstvo  |c Anton Petrtyl 
773 0 |t Národná škola slovenská : orgán Slovenskej obce učiteľskej  |g Roč. 14, č. 13 (1935-1936), s. 197-198 
850 |a Slovenská národná knižnica 
852 |a Slovenská národná knižnica 
954 |a odborná, vedecká literatúra cudzojazyčná (svetová)  |2 lita 
958 |a article1 
958 |a OND 
958 |a EUIPO 
999 |c 3060607  |d 3062537